000
00327nam a22001337a 4500
008
171025b xxu||||| |||| 00| 0 eng d
020
_a
9780072502862
041
_a
eng
080
_2
11 ED
_a
311
100
_a
55
101
_a
STA
245
_a
STATISTICAL TECHNIQUES IN BUSSINESS ECONOMICS
_c
MASON .L.M
942
_2
udc
_c
BK
999
_c
35946
_d
35946